| 000 | 01138cam a2200289 a 4500 | ||
|---|---|---|---|
| 001 | 2106439 | ||
| 003 | OSt | ||
| 005 | 20160616175616.0 | ||
| 008 | 960502s1997 enkaf b 001 0 eng | ||
| 010 | _a 96020969 | ||
| 020 | _a0521453615 (hardback) | ||
| 040 |
_aDLC _cDLC _dDLC |
||
| 050 | 0 | 0 |
_aQR82.E6 _bE835 1997 |
| 082 | 0 | 0 |
_aQW 4 _bE14 1997 |
| 245 | 0 | 0 |
_aEscherichia coli : _bmechanisms of virulence / _cedited by Max Sussman. |
| 260 |
_aCambridge ; _aNew York : _bCambridge University Press, _c1997. |
||
| 300 |
_axvi, 639 p., [1] p. of plates : _bcol.ill; _c24 cm. |
||
| 504 | _aIncludes bibliographical references and index. | ||
| 650 | 0 |
_aEscherichia coli. _99444 |
|
| 650 | 0 |
_aVirulence (Microbiology) _99445 |
|
| 700 | 1 |
_aSussman, Max. _9933 |
|
| 856 | 4 | 2 |
_3Publisher description _uhttp://www.loc.gov/catdir/description/cam027/96020969.html |
| 856 | 4 | 1 |
_3Table of contents _uhttp://www.loc.gov/catdir/toc/cam027/96020969.html |
| 906 |
_a7 _bcbc _corignew _d1 _eocip _f19 _gy-gencatlg |
||
| 942 |
_2ddc _cO_SHELF |
||
| 999 |
_c4389 _d4389 |
||